Görsellerle Türkiye Şehirleri - Statistics

General Stats
  • This quiz has been taken 2 702 times
  • The average score is 12 of 20
Answer Stats
Picture Answer % Correct
Ankara
100%
İstanbul
100%
İzmir
97%
Bursa
78%
Şanlıurfa
76%
Antalya
75%
Adana
71%
Konya
65%
Gaziantep
62%
Diyarbakır
57%
Eskişehir
54%
Mersin
54%
Samsun
50%
Van
49%
Erzurum
46%
Kayseri
45%
Kahramanmaraş
43%
Denizli
37%
Malatya
34%
Sakarya
32%
No matching quizzes found
Score Distribution
Percent of People with Each Score
Percentile by Number Answered
Your Score History
You have not taken this quiz